Síntesis creadora en el diseño

Salvato in:
Dettagli Bibliografici
Autori principali: Alger, John R (Autore), Hays, Carl V (Autore)
Natura: Libro
Lingua:spagnolo
Pubblicazione: Ciudad de México CRAT 1969
Serie:Fundamentos y Estudios de Diseño y Proyecto en Ingeniería
Soggetti:
Tags: Aggiungi Tag
Nessun Tag, puoi essere il primo ad aggiungerne!!

MARC

LEADER 00000nam a2200000 a 4500
001 UCU4010
003 CL-VaPUC
008 960517e19690900MX |||||||||||||||||spa|d
082 0 4 |a 620.004  |b ALG  |2 21 
100 0 |a Alger, John R  |e author  |9 361324 
700 0 |a Hays, Carl V  |e author  |9 361325 
245 1 0 |a Síntesis creadora en el diseño 
300 |a 108 p 
942 |c BK 
945 |d 19960517 00:00:00  |a cmena 
260 |a Ciudad de México  |b CRAT  |c 1969 
650 0 |a Ingeniería   |9 259380 
650 0 |a Diseño experimental   |9 259977 
650 0 |a Modelos matemáticos   |9 259437 
650 0 |a Investigación operativa  |9 259383 
650 0 |a Planificación estratégica   |9 259735 
583 |a last modification  |c 19960517 00:00:00  |k Rodrigo Vera 
490 0 |a Fundamentos y Estudios de Diseño y Proyecto en Ingeniería 
999 |c 247841  |d 247839